[Event "Heusenstamm Sparkassen op-A 6th"]
[Site "Heusenstamm"]
[Date "2019.11.24"]
[Round "7"]
[White "Hinrichs, Niklas"]
[Black "Grabowski, Pawel"]
[Result "0-1"]
[WhiteElo "2105"]
[BlackElo "2271"]
[PlyCount "54"]
[EventDate "2019.11.21"]
[EventType "swiss"]
[EventRounds "7"]
[EventCountry "GER"]
[SourceTitle "CBM 194 Extra"]
[Source "ChessBase"]
[SourceDate "2020.03.31"]
[SourceVersion "1"]
[SourceVersionDate "2020.03.31"]
[SourceQuality "1"]

1. d4 Nf6 2. c4 g6 3. Nc3 Bg7 4. e4 d6 5. f3 c6 6. Be3 a6 7. a4 a5 8. Nge2 Na6 9. Qd2 0-0 10. g4 Nb4 11. h4 h5 12. gxh5 Nxh5 13. 0-0-0 b5 14. cxb5 cxb5 15. Nf4 Ng3 16. Bxb5 Nxh1 17. Rxh1 e5 18. Nxg6 fxg6 19. Bc4+ d5 20. Nxd5 Be6 21. Bg5 Rc8 22. Bxd8 Rxc4+ 23. Kb1 Nxd5 24. Bxa5 Rxd4 25. Qh2 Rxa4 26. exd5 Bf5+ 27. Kc1 Rxa5 0-1

[Event "Heusenstamm Sparkassen op-A 6th"]
[Site "Heusenstamm"]
[Date "2019.11.22"]
[Round "2"]
[White "Bardorz, Jana"]
[Black "Hinrichs, Niklas"]
[Result "1-0"]
[WhiteElo "1932"]
[BlackElo "2105"]
[PlyCount "39"]
[EventDate "2019.11.21"]
[EventType "swiss"]
[EventRounds "7"]
[EventCountry "GER"]
[SourceTitle "CBM 194 Extra"]
[Source "ChessBase"]
[SourceDate "2020.03.31"]
[SourceVersion "1"]
[SourceVersionDate "2020.03.31"]
[SourceQuality "1"]

1. e4 c5 2. Nf3 d6 3. d4 cxd4 4. Nxd4 Nf6 5. Nc3 a6 6. f4 e6 7. Qf3 Qc7 8. g4 b5 9. Qe2 Bb7 10. Bg2 Nc6 11. Nxc6 Qxc6 12. g5 Nd7 13. 0-0 Rc8 14. f5 Qc4 15. fxe6 fxe6 16. Qf2 Ne5 17. Bf4 Rc7 18. Rad1 g6 19. Bxe5 dxe5 20. Qf6 1-0

[Event "GER-ch U18"]
[Site "Willingen"]
[Date "2019.06.09"]
[Round "2"]
[White "Ewert, Hannes"]
[Black "Hinrichs, Niklas"]
[Result "1-0"]
[WhiteElo "2268"]
[BlackElo "2115"]
[PlyCount "109"]
[EventDate "2019.06.09"]
[EventType "swiss"]
[EventRounds "9"]
[EventCountry "GER"]
[SourceTitle "CBM 190 Extra"]
[Source "ChessBase"]
[SourceDate "2019.07.15"]
[SourceVersion "1"]
[SourceVersionDate "2019.07.15"]
[SourceQuality "1"]

1. e4 c5 2. Nc3 Nc6 3. Nf3 g6 4. d4 cxd4 5. Nxd4 Bg7 6. Be3 d6 7. Bc4 Nf6 8. h3 0-0 9. Bb3 a6 10. 0-0 Na5 11. Re1 b5 12. Bg5 h6 13. Bxf6 Bxf6 14. Bd5 Rb8 15. b4 Qb6 16. Nce2 Nb7 17. Qd2 Kh7 18. a4 Bd7 19. a5 Qc7 20. Rec1 e6 21. Bb3 Nc5 22. bxc5 dxc5 23. Nf3 Bxa1 24. Rxa1 c4 25. Ba2 Bc6 26. Ng3 e5 27. Qb4 Bb7 28. Re1 Rfd8 29. h4 h5 30. Bb1 f6 31. c3 Rd7 32. Bc2 Rbd8 33. Nf1 Kg7 34. Ne3 Rd6 35. Kf1 Ba8 36. Qa3 Bb7 37. Ng1 Rd2 38. Nf3 R2d6 39. Qb4 Ba8 40. Rb1 R6d7 41. Ke2 Rd6 42. Qa3 Qd7 43. Re1 Bb7 44. Rg1 Kf7 45. g4 hxg4 46. Rxg4 Bc8 47. Rg3 Bb7 48. h5 g5 49. Nf5 Rd1 50. Ne3 Rh1 51. Rxg5 Ke6 52. Rf5 Rh8 53. Ng4 Bxe4 54. Rxf6+ Kd5 55. Ne3# 1-0

[Event "GER-ch U18"]
[Site "Willingen"]
[Date "2019.06.09"]
[Round "1"]
[White "Hinrichs, Niklas"]
[Black "Schmider, Niklas"]
[Result "1-0"]
[WhiteElo "2115"]
[BlackElo "2300"]
[PlyCount "65"]
[EventDate "2019.06.09"]
[EventType "swiss"]
[EventRounds "9"]
[EventCountry "GER"]
[SourceTitle "CBM 190 Extra"]
[Source "ChessBase"]
[SourceDate "2019.07.15"]
[SourceVersion "1"]
[SourceVersionDate "2019.07.15"]
[SourceQuality "1"]

1. d4 Nf6 2. c4 g6 3. Nc3 d5 4. cxd5 Nxd5 5. Bd2 Nb6 6. e3 Bg7 7. f4 N8d7 8. Ne4 Nf6 9. Nxf6+ Bxf6 10. Nf3 Bg4 11. Be2 c5 12. dxc5 Nd7 13. 0-0 Nxc5 14. Rc1 Qb6 15. Qc2 Ne6 16. Qa4+ Kf8 17. Ne5 Bxe5 18. Bxg4 Bf6 19. f5 Ng7 20. Rc2 h5 21. Bh3 g5 22. g3 h4 23. g4 Ne8 24. Qa3 Nd6 25. Rd1 Kg7 26. Ba5 Qb5 27. Bb4 Nc4 28. Qb3 Nxe3 29. a4 Qb6 30. a5 Qb5 31. Rc5 Qa6 32. Qxe3 b6 33. Rc7 1-0

[Event "Rhein Main op-A 21st"]
[Site "Bad Homburg"]
[Date "2018.05.31"]
[Round "3"]
[White "Hinrichs, Niklas"]
[Black "Browning, Alex"]
[Result "1-0"]
[WhiteElo "2000"]
[BlackElo "2172"]
[PlyCount "109"]
[EventDate "2018.05.30"]
[EventType "swiss"]
[EventRounds "7"]
[EventCountry "GER"]
[SourceTitle "EXT 2019"]
[Source "ChessBase"]
[SourceDate "2018.10.10"]
[SourceVersion "1"]
[SourceVersionDate "2018.10.10"]
[SourceQuality "1"]

1. d4 Nf6 2. c4 g6 3. Nc3 Bg7 4. e4 d6 5. f3 0-0 6. Be3 Nc6 7. Qd2 a6 8. Nge2 Rb8 9. Rc1 Bd7 10. h4 h5 11. Ng3 e5 12. d5 Nd4 13. Nge2 c5 14. dxc6 Nxe2 15. Bxe2 bxc6 16. 0-0 Be6 17. Rfd1 Nd7 18. b3 Qxh4 19. Qxd6 Rfc8 20. Rc2 Bf8 21. Qd2 Rd8 22. Qc1 Nc5 23. Rxd8 Qxd8 24. Qe1 h4 25. g3 Be7 26. Qf2 hxg3 27. Qxg3 Qc7 28. f4 exf4 29. Bxf4 Qb6 30. Kf1 Re8 31. Bh5 Qd8 32. Rd2 Qc8 33. Bxg6 Bh3+ 34. Rg2 Bxg2+ 35. Kxg2 Bh4 36. Bh7+ Kxh7 37. Qxh4+ Kg8 38. Qg5+ Kh7 39. Qh5+ Kg8 40. Qxc5 Qg4+ 41. Bg3 Rd8 42. Qe3 Qg7 43. e5 Qg6 44. Ne4 Rd1 45. Qg5 Qxg5 46. Nxg5 Rd2+ 47. Kf3 Rxa2 48. e6 fxe6 49. Nxe6 a5 50. Nc5 Rb2 51. Ke3 Kf7 52. Kd3 Ke7 53. Kc3 Rg2 54. Bc7 Rg5 55. Bd8+ 1-0

[Event "GER-ch U25-A"]
[Site "Willingen"]
[Date "2018.05.25"]
[Round "8"]
[White "Hinrichs, Niklas"]
[Black "Parvanyan, Alfred"]
[Result "1/2-1/2"]
[WhiteElo "2011"]
[BlackElo "2075"]
[PlyCount "50"]
[EventDate "2018.05.19"]
[EventType "swiss"]
[EventRounds "9"]
[EventCountry "GER"]
[SourceTitle "CBM 184 Extra"]
[Source "ChessBase"]
[SourceDate "2018.06.28"]
[SourceVersion "1"]
[SourceVersionDate "2018.06.28"]
[SourceQuality "1"]

1. d4 e6 2. Nf3 f5 3. c4 Nf6 4. Nc3 d5 5. Bf4 Bd6 6. e3 0-0 7. Ne5 c6 8. Bd3 Qe7 9. h3 Ne4 10. Qc2 Nd7 11. g4 Nxc3 12. bxc3 Bxe5 13. Bxe5 Nxe5 14. dxe5 dxc4 15. Bxc4 Qc5 16. Bb3 Qxe5 17. 0-0-0 Kh8 18. Rd2 b5 19. Qd3 Bb7 20. f4 Qf6 21. Rhd1 h6 22. Qd4 Qxd4 23. cxd4 Rfe8 24. Rg1 a5 25. a3 Rac8 1/2-1/2

[Event "GER-ch U25-A"]
[Site "Willingen"]
[Date "2018.05.20"]
[Round "2"]
[White "Hinrichs, Niklas"]
[Black "Kueppers, Timo"]
[Result "0-1"]
[WhiteElo "2011"]
[BlackElo "2152"]
[PlyCount "144"]
[EventDate "2018.05.19"]
[EventType "swiss"]
[EventRounds "9"]
[EventCountry "GER"]
[SourceTitle "CBM 184 Extra"]
[Source "ChessBase"]
[SourceDate "2018.06.28"]
[SourceVersion "1"]
[SourceVersionDate "2018.06.28"]
[SourceQuality "1"]

1. d4 Nf6 2. c4 g6 3. Nc3 Bg7 4. e4 d6 5. f3 0-0 6. Be3 c5 7. Nge2 Nc6 8. Qd2 Qa5 9. d5 Ne5 10. Ng3 h5 11. Be2 h4 12. Nf1 a6 13. g4 b5 14. Bg5 bxc4 15. Bxh4 Rb8 16. Rc1 Qb4 17. Rc2 a5 18. f4 Nd3+ 19. Bxd3 cxd3 20. Qxd3 Nxe4 21. Nd2 Nxc3 22. bxc3 Qxf4 23. h3 Qe5+ 24. Kd1 Bb7 25. Re1 Qxd5 26. Qxd5 Bxd5 27. Bxe7 Rfe8 28. Bxd6 Rxe1+ 29. Kxe1 Rc8 30. c4 Bg2 31. Kf2 Bxh3 32. Kg3 Rd8 33. Bxc5 Rd3+ 34. Nf3 Be5+ 35. Kf2 Bc7 36. Re2 Bxg4 37. Re8+ Kh7 38. Ng5+ Kg7 39. Re7 Rd7 40. Re8 Rd2+ 41. Kf1 Bd6 42. Be3 Rd1+ 43. Kf2 f6 44. Ne4 Be5 45. Ra8 Rh1 46. Ra7+ Kg8 47. Rxa5 Rh2+ 48. Kg1 Re2 49. Rxe5 fxe5 50. Nf6+ Kf7 51. Nxg4 Ke6 52. Bf2 Kf5 53. Ne3+ Ke4 54. Ng2 Rxa2 55. Ne1 Ra1 56. Kf1 g5 57. Kg2 Rc1 58. c5 Rc3 59. c6 Rxc6 60. Kg3 Kf5 61. Kf3 Rc3+ 62. Be3 g4+ 63. Ke2 Ke4 64. Bd2 Ra3 65. Ng2 Ra2 66. Ne3 g3 67. Ng2 Kf5 68. Ne3+ Kg6 69. Ng4 e4 70. Ne3 Kh5 71. Nd5 Kh4 72. Ke3 Rxd2 0-1

[Event "GER-chT U16"]
[Site "Walldorf"]
[Date "2017.12.27"]
[Round "2.1"]
[White "Hinrichs, Niklas"]
[Black "Wendler, David"]
[Result "0-1"]
[WhiteElo "2023"]
[BlackElo "2107"]
[PlyCount "66"]
[EventDate "2017.12.26"]
[EventType "team-swiss"]
[EventRounds "7"]
[EventCountry "GER"]
[SourceTitle "CBM 182 Extra"]
[Source "ChessBase"]
[SourceDate "2018.02.23"]
[SourceVersion "1"]
[SourceVersionDate "2018.02.23"]
[SourceQuality "1"]
[WhiteTeam "Bingen"]
[BlackTeam "Bebenhausen"]
[WhiteTeamCountry "GER"]
[BlackTeamCountry "GER"]

1. d4 Nf6 2. c4 c5 3. d5 b5 4. cxb5 a6 5. b6 Qxb6 6. Nc3 d6 7. e4 g6 8. Be2 Bg7 9. Nf3 Nbd7 10. Nd2 Qc7 11. 0-0 0-0 12. Nc4 Nb6 13. Na3 Bb7 14. Bf4 Rad8 15. Qb3 Rfe8 16. Nc4 Nxc4 17. Bxc4 Rb8 18. Qc2 Qb6 19. Rfd1 Bc8 20. Rab1 Bd7 21. a4 Ng4 22. h3 Ne5 23. Be2 Qb3 24. Rd2 c4 25. Bd1 Qxc2 26. Bxc2 Rec8 27. Ne2 Rb4 28. Be3 Bxa4 29. Bxa4 Rxa4 30. Nd4 Rb4 31. f4 c3 32. Rc2 Nd3 33. Nc6 Rxe4 0-1

[Event "Rheinland Pfalz op 9th"]
[Site "Lambsheim"]
[Date "2017.06.17"]
[Round "6"]
[White "Hinrichs, Niklas"]
[Black "Neurohr, Juergen"]
[Result "1/2-1/2"]
[WhiteElo "1930"]
[BlackElo "2059"]
[PlyCount "31"]
[EventDate "2017.06.15"]
[EventType "swiss"]
[EventRounds "7"]
[EventCountry "GER"]
[SourceTitle "CBM 178 Extra"]
[Source "ChessBase"]
[SourceDate "2017.06.22"]
[SourceVersion "1"]
[SourceVersionDate "2017.06.22"]
[SourceQuality "1"]

1. d4 Nf6 2. c4 e6 3. Nc3 Bb4 4. e3 0-0 5. Bd3 d5 6. Nf3 c5 7. 0-0 dxc4 8. Bxc4 cxd4 9. exd4 b6 10. Bg5 Bb7 11. Ne5 Bxc3 12. bxc3 Qc7 13. Bxf6 gxf6 14. Qg4+ Kh8 15. Qh4 fxe5 16. Qf6+ 1/2-1/2

[Event "Rhein Main op-A 19th"]
[Site "Bad Homburg"]
[Date "2016.05.28"]
[Round "6"]
[White "Muehlpfordt, Werner"]
[Black "Hinrichs, Niklas"]
[Result "1-0"]
[WhiteElo "1969"]
[BlackElo "1894"]
[PlyCount "55"]
[EventDate "2016.05.25"]
[EventType "swiss"]
[EventRounds "7"]
[EventCountry "GER"]
[SourceTitle "EXT 2017"]
[Source "ChessBase"]
[SourceDate "2016.10.25"]
[SourceVersion "1"]
[SourceVersionDate "2016.10.25"]
[SourceQuality "1"]

1. e4 c5 2. Nf3 d6 3. d4 cxd4 4. Nxd4 Nf6 5. Nc3 a6 6. Bc4 e6 7. Bb3 Be7 8. Be3 Qc7 9. Qe2 b5 10. f3 Nc6 11. 0-0-0 Na5 12. g4 g6 13. g5 Nxb3+ 14. axb3 Nd7 15. f4 Bb7 16. Rhe1 b4 17. f5 Nc5 18. fxe6 bxc3 19. exf7+ Kxf7 20. Qc4+ Ke8 21. b4 cxb2+ 22. Kb1 d5 23. exd5 Ne6 24. Qb3 Ng7 25. d6 Qxd6 26. Bf4 Qd5 27. Qe3 Qf7 28. Bd6 1-0

[Event "GER-ch U25-A"]
[Site "Willingen"]
[Date "2016.05.18"]
[Round "6"]
[White "Hinrichs, Niklas"]
[Black "Wastian, Jan"]
[Result "0-1"]
[WhiteElo "1894"]
[BlackElo "1798"]
[PlyCount "68"]
[EventDate "2016.05.15"]
[EventType "swiss"]
[EventRounds "9"]
[EventCountry "GER"]
[SourceTitle "CBM 172 Extra"]
[Source "ChessBase"]
[SourceDate "2016.06.21"]
[SourceVersion "1"]
[SourceVersionDate "2016.06.21"]
[SourceQuality "1"]

1. d4 d5 2. c4 c6 3. Nf3 Nf6 4. Nc3 e6 5. e3 Nbd7 6. Bd3 dxc4 7. Bxc4 b5 8. Bd3 Bb7 9. e4 b4 10. Na4 c5 11. Nxc5 Nxc5 12. dxc5 Bxc5 13. Qe2 h6 14. Bb5+ Ke7 15. e5 Ng4 16. 0-0 Qb6 17. Ba4 Ba6 18. Qe4 Nxf2 19. Qh4+ g5 20. Nxg5 Nh3+ 21. Kh1 Nf2+ 22. Rxf2 Bxf2 23. Qf4 Kd8 24. Nxf7+ Kc7 25. Nxh8 Rxh8 26. Bd2 Bc5 27. Qg3 Kb8 28. Bc2 Bb7 29. Qg7 Qd8 30. Bh7 Rf8 31. Bxh6 Rf2 32. Qg4 Rxg2 33. Qxg2 Bxg2+ 34. Kxg2 Qh4 0-1

[Event "Heusenstamm Sparkassen op-A 2nd"]
[Site "Heusenstamm"]
[Date "2015.11.29"]
[Round "7"]
[White "Leichum, Engelbert"]
[Black "Hinrichs, Niklas"]
[Result "0-1"]
[WhiteElo "1670"]
[BlackElo "1884"]
[PlyCount "24"]
[EventDate "2015.11.26"]
[EventType "swiss"]
[EventRounds "7"]
[EventCountry "GER"]
[SourceTitle "EXT 2018"]
[Source "ChessBase"]
[SourceDate "2017.10.13"]
[SourceVersion "1"]
[SourceVersionDate "2017.10.13"]
[SourceQuality "1"]

1. e4 c5 2. Nf3 d6 3. d4 cxd4 4. Nxd4 Nf6 5. Nc3 a6 6. Be3 Qc7 7. f4 b5 8. Bd3 Bb7 9. b4 Qxc3+ 10. Ke2 Nxe4 11. Bd2 Qxd4 12. Be3 Nc3+ 0-1

[Event "Rheinland Pfalz op 7th"]
[Site "Frankenthal"]
[Date "2015.06.06"]
[Round "6"]
[White "Rangs, Uwe"]
[Black "Hinrichs, Niklas"]
[Result "0-1"]
[WhiteElo "1603"]
[BlackElo "1818"]
[PlyCount "66"]
[EventDate "2015.06.04"]
[EventType "swiss"]
[EventRounds "7"]
[EventCountry "GER"]
[SourceTitle "EXT 2017"]
[Source "ChessBase"]
[SourceDate "2016.10.25"]
[SourceVersion "1"]
[SourceVersionDate "2016.10.25"]
[SourceQuality "1"]

1. e4 c5 2. Nc3 d6 3. f4 Nc6 4. Bb5 Bd7 5. Nf3 e6 6. d3 Nge7 7. Be3 a6 8. Bxc6 Nxc6 9. a4 Be7 10. 0-0 0-0 11. Rc1 Qb6 12. b3 Rac8 13. Qe1 Bf6 14. g4 Nb4 15. e5 dxe5 16. Nxe5 Bxe5 17. fxe5 Nd5 18. Ne4 Nxe3 19. Qxe3 Qb4 20. Qh3 Qd4+ 21. Rf2 Qxe5 22. g5 Bc6 23. Re1 Kh8 24. Qh5 f5 25. Ref1 Bxe4 26. dxe4 Qxe4 27. Rf4 Qe3+ 28. Kh1 g6 29. Qh6 Rf7 30. R1f3 Qc1+ 31. Rf1 Qxc2 32. Rh4 Rg7 33. Rf3 Rd8 0-1